000 00545nam a2200169 a 4500
001 000026765
005 20200930030411.0
008 110325s1942 dr 000 0 spa d
040 _aDO-SdBNP
_bspa
_cBNPHU
041 1 7 _aspa
_2eng
100 1 _aMuller, Richard
_953871
245 1 3 _aEl baƱo de Anacaona "o" los tres ojos de agua =The bath of Anacaona or Los tres ojos de agua /
_cRichard Muller.
246 1 0 _aLos tres ojos de agua
260 _aSanto Domingo :
_bEditorial Casa Montalvo,
_c1942.
300 _a40 p. ;
_c22 cm.
049 _aBNPD
999 _c26257
_d26257